Impacto ambiental de la alta velocidad ferroviaria

Gespeichert in:
Bibliographische Detailangaben
Körperschaft: Colegio de Ingenieros de Caminos, Canales y Puertos (VerfasserIn)
Format: Buch
Sprache:Spanisch
Veröffentlicht: Madrid Colegio de Ingenieros de Caminos, Canales y Puertos 1992
Ausgabe:1a. ed
Schriftenreihe:Monografías, 14
Schlagworte:
Tags: Tag hinzufügen
Keine Tags, Fügen Sie den ersten Tag hinzu!

MARC

LEADER 00000cam a2200000 a 4500
001 UCC2670
003 CL-VaPUC
005 20210326001621.0
008 180316e19920000sp 1 spa d
020 |a 8438000657 
082 0 4 |a 385.0946  |b COL  |2 21 
110 2 |a Colegio de Ingenieros de Caminos, Canales y Puertos  |e author  |9 622326 
245 1 0 |a Impacto ambiental de la alta velocidad ferroviaria 
250 |a 1a. ed 
260 |a Madrid  |b Colegio de Ingenieros de Caminos, Canales y Puertos  |c 1992 
300 |a 495 p 
490 0 |a Monografías, 14 
583 |a last modification  |c 20190909 09:42:50  |k Rodrigo Vera 
650 0 0 |a Ferrocarriles  |9 260933 
650 0 7 |a TRENES  |2 CL-VaPUC  |9 358012 
650 0 0 |a Impacto ambiental  |9 262796 
942 |c BK 
945 |a dcastane  |d 20180316 12:27:00 
546 |a En Español 
536 |a Colegio de Ingenieros de Caminos, Canales y Puertos 
518 |p Impacto Ambiental de la Alta Velocidad Ferroviaria, 1, Madrid, 1-3 abril 1992 
999 |c 384929  |d 384927 
952 |0 0  |1 0  |3 erb  |4 0  |6 385_094600000000000_COL_1992  |7 0  |8 A  |9 507942  |a BIBING  |b BIBING  |i 5456908  |o 385.0946 COL 1992  |p 5456908  |r 2025-01-20  |w 2020-01-23  |y BK  |z Catalogado en:20180316  |k CCL